00423nam a2200145 a 4500020001500000040000800015082002800023245007100051250001200122260005000134300002500184650002500209700001900234700002400253 a0627022065 cDLC a351 JLS 1997 C146 Or.00aDevelopment administration and management :ba holistic approach / a1st ed. aHatfield, Pretoria :bJ.L. van Schaik,c1997. axi, 113 p. ;c24 cm. 0aEconomic development1 aKotzé, D. A.1 aKellerman, G. E. J.